000 00318nam a22001457a 4500
008 210310b ||||| |||| 00| 0 eng d
020 _a2900735597890
041 _aeng
080 _a34
082 _a34
100 _a13
101 _aJUR
245 _aCivil Procedure A Coursebook
_cGlannon,W.J
942 _2udc
_cBK
999 _c56112
_d56112